Statistiken für Größte Fußballvereine in Sachsen (aktuell)

Klicken Sie hier um das Quiz zu spielen!

Allgemein

  • Dieses Quiz wurde 155 mal gespielt
  • Das Durchschnittsergebnis liegt bei 8 aus 15

Antwortstatistiken

HintAntwort% Korrekt
3.LigaDynamo Dresden
100%
1.BundesligaRB Leipzig
97%
3.LigaFC Erzgebirge Aue
86%
RegionalligaFSV Zwickau
82%
RegionalligaChemnitzer FC
77%
Regionalliga1.FC Lokomotive Leipzig
75%
RegionalligaBSG Chemie Leipzig
74%
OberligaVFC Plauen
50%
OberligaFSV Budissa Bautzen
46%
OberligaVfB Auerbach
27%
RegionalligaFC Eilenburg
25%
OberligaBischofswerdaer FV 08
18%
OberligaFC Grimma
18%
OberligaSC Freital
14%
OberligaMotor Marienberg
7%

Verteilung der Resultate

Perzentil nach korrekt beantworteten Fragen

Anzahl Personen mit jedem Resultat

Ihre Resultats-Entwicklung

Sie haben dieses Quiz noch nicht gespielt